000 00536nam a2200181 i 4500
001 68083
003 ES-MaACL
005 20230906170212.0
007 t|
008 040217s1961 sp ||||1| spa d
100 1 _aGandarias Bajón, Juan Manuel de (
_d1921-2011)
_953829
245 1 0 _aFisiología especial /
_cJ.M. Gandarias.
260 _aSalamanca :
_b[s.n.],
_c1961 (
_fImp. Agustiniana)
300 _a204 p. :
_bil. ;
_c24 cm.
500 _aEs el vol. I.
650 4 _aFisiología.
_9136120
852 _aES-MaACL
_jE-4034
_bR.48509
999 _c68083
_d68083